Movies Quiz

Random Movies Quiz

Movies by IMDb message board thread: Part II Quiz Stats

 Plays Quiz not verified by Sporcle

Score 0/25 Timer 09:00
0 Plays Today
% Correct
Goodfellas
87.6%
A Clockwork Orange
70.5%
Shutter Island
69.3%
Die Hard
67.3%
Eternal Sunshine of the Spotless Mind
65.9%
District 9
64.6%
Slumdog Millionaire
64%
The Hunger Games
63.6%
Donnie Darko
63.2%
The Shining
62.2%
No Country for Old Men
61.5%
The Prestige
60.7%
Back to the Future
55.5%
% Correct
Jurassic Park
54.5%
Saving Private Ryan
51.1%
Up
44.2%
Kill Bill: Vol. 1
43.2%
Inglourious Basterds
42.6%
The Big Lebowski
39.8%
Raiders of the Lost Ark
38.8%
The Truman Show
37.8%
The Terminator
29.7%
Wall-E
26.1%
Alien
24.2%
Star Wars: Episode VI - Return of the Jedi
15.2%

You're not logged in!

Compare scores with friends on all Sporcle quizzes.
OR
Log In

You Might Also Like...

Show Comments

Extras

Top Quizzes Today


Score Distribution

Your Account Isn't Verified!

In order to create a playlist on Sporcle, you need to verify the email address you used during registration. Go to your Sporcle Settings to finish the process.

Report this User

Report this user for behavior that violates our Community Guidelines.

Details: